| 000 | 00885nam2a2200241 4500 | ||
|---|---|---|---|
| 001 | RU\NLR\bibl\1318722 | ||
| 005 | 20250615160234.0 | ||
| 010 |
_a978-5-9942-0203-6 _94550 |
||
| 021 |
_aRU _b2008-92307 _95406 |
||
| 035 | _a(NLR Aleph) 001304087 | ||
| 090 |
_a637797 _c637797 |
||
| 100 | _a20090122d2008 |||y0rusy50 ca | ||
| 101 | 0 | _arus | |
| 102 | _aRU | ||
| 105 | _ay ||||||||| | ||
| 200 | 0 | _aТ. 1 | |
| 215 | _a251, [2] с. | ||
| 461 | 0 |
_1001RU\NLR\bibl\1382207 _12001#$aПарижский цирюльник$vТ. 1 _91061462 _aКок, П. де (1793-1871) _cСанкт-Петербург _d2008 _fПоль де Кок _nЛенинградское изд-во _o[роман : перевод с французского] _tПарижский цирюльник _vТ. 1 |
|
| 801 | 0 |
_aRU _bNLR _c20090122 _gRCR |
|
| 801 | 1 |
_aRU _bNLR _c20090122 |
|
| 942 | _cBOOK | ||
| 980 | _aNB | ||